| 000 | 01047njm a2200289 c 4500 | ||
|---|---|---|---|
| 003 | BLK | ||
| 005 | 20180421002507.0 | ||
| 008 | 180410b bul||n||s|||||||| n|bulo| | ||
| 010 | _aCDD00004121000 | ||
| 040 | _aBLK | ||
| 041 |
_aBUL _cBUL |
||
| 080 |
_aАвтоматични цифрови електронноизчислителни машини. Миникомпютри. Микрокомпютри _b681.322 _x(035) _z681.322(035) |
||
| 100 | 1 |
_aО'Донъл, Боб _eпърви автор _9309659 |
|
| 139 |
_aО'Донъл, Боб _bО 42 |
||
| 245 | 1 | 0 |
_aПерсоналният компютър - тайни [CD-ROM] _cБоб О'Донъл. |
| 257 | _aBGR | ||
| 260 |
_аСофия _bАлекс Софт _c2000 |
||
| 300 |
_a34КВ _c12 см |
||
| 380 | _a62 | ||
| 500 | _aИзисквания : Abobe Actobat Reader Software | ||
| 590 | _aS.N: 108806 от КНИГИ | ||
| 852 |
_aЦб CD 590 _p0 |
||
| 856 | 4 |
_qpdf _u |
|
| 856 | 4 |
_qpdf _u |
|
| 942 |
_cCDD _n0 |
||
| 944 |
_aCR _c10.11.2003 _kГеновева_Генчева |
||
| 944 |
_aED _c24.02.2004 _k |
||
| 999 |
_c222118 _d222118 |
||